| 000 | 00472nam a22001457a 4500 | ||
|---|---|---|---|
| 008 | 230327b |||||||| |||| 00| 0 eng d | ||
| 020 | _a0946848491. | ||
| 050 | _aBX1751.2.R763 1982 | ||
| 100 |
_aSobrino, Jon sj _952265 |
||
| 245 |
_aRomero; _bMartyr for liberation, _cJon Sobrino sj. |
||
| 260 |
_aUnited Kingdom: _bCatholic institute for International Relations, _c1982 |
||
| 300 |
_aviii; _b76p; _c21cm. |
||
| 650 |
_aTheology,catholic. _952266 |
||
| 942 |
_2lcc _cMONOGRAPH |
||
| 999 |
_c131709 _d131709 |
||